Pedro y el lobo : un cuento musical para niños. op. 67 [cd-rom] /
Guardado en:
| Autor Principal: | |
|---|---|
| Formato: | Libro |
| Publicado: |
Alemania :
Hawkes & Son
|
| Materias: | |
| Etiquetas: |
Agregar Etiqueta
Sin Etiquetas, Sea el primero en etiquetar este registro!
|
| LEADER | 00815nam a22001695a 4500 | ||
|---|---|---|---|
| 001 | CEM.cems011605 | ||
| 005 | 20071025195252.0 | ||
| 008 | 130507b######################000#0#####d | ||
| 003 | CEMS | ||
| 082 | 0 | 4 | |a CD780 |
| 100 | 1 | |a Prokofiev, Sergei | |
| 245 | 1 | 0 | |a Pedro y el lobo : |b un cuento musical para niños. op. 67 [cd-rom] / |c Sergei Prokofiev |
| 260 | |a Alemania : |b Hawkes & Son | ||
| 505 | 0 | |a Contiene: Pedro y el Lobo, un cuento musical para niños Op. 67. Narrado por Juan Pulido. Guía de audición de Fernando Palacios -- Guía de orquesta para jovenes, variaciones y fuga sobre un tema de Purcell, Op. 34 / Benjamin Britten (1913-1976). Interpretados por la Orquesta Nacional de Francia, dirigida por Lorin Maazel. | |
| 653 | |a Cd-rom | ||
| 653 | |a Música | ||
| 859 | |a CEMS |b BIB. CEMS - 11 de abril |h CD780 |i P943 |p 1783.44 |t Ej.1 | ||
